000 00379 a2200109 4500
100 1 _aBykov, V.V..
_eAutor
245 0 _aCifrovye modelirovanie v statisticeskoj radiotechnike /
_cBykov V.V..
710 2 _aSovetskoe Radio.
_eWydawca
_4pbl
260 _aMoskva :
_bSovetskoe Radio,
_c1971.
300 _a325 s.;
_c24 cm.
490 1 _aInternational Geophysics Series
830 0 _aInternational Geophysics Series
999 _c4597
_d4597